[Event "Australian op"]
[Site "Manly Sydney"]
[Date "2009.01.05"]
[Round "6"]
[White "Broekhuijse, Paul"]
[Black "Rout, Ian Clive"]
[Result "1/2-1/2"]
[WhiteElo "2116"]
[BlackElo "1949"]
[PlyCount "64"]
[EventDate "2009.01.02"]
[EventType "swiss"]
[EventRounds "11"]
[EventCountry "AUS"]
[SourceTitle "CBM 128 Extra"]
[Source "ChessBase"]
[SourceDate "2009.03.05"]
[SourceVersion "2"]
[SourceVersionDate "2009.03.25"]
[SourceQuality "1"]

1. e4 e5 2. Nf3 Nc6 3. Bb5 a6 4. Ba4 Nf6 5. 0-0 Be7 6. Re1 b5 7. Bb3 d6 8. c3 0-0 9. h3 Na5 10. Bc2 d5 11. d4 dxe4 12. Nxe5 c5 13. Bg5 Bb7 14. a3 Qc7 15. b4 cxd4 16. cxd4 Rac8 17. Bxf6 Bxf6 18. Bxe4 Bxe4 19. Rxe4 Nc4 20. Nxc4 Qxc4 21. Nd2 Qd3 22. Re3 Qxd4 23. Nb3 Qf4 24. Rc1 Rcd8 25. Qe2 g6 26. Rc6 Bg5 27. Rc5 Bh6 28. g3 Qd6 29. f4 Rd7 30. Na5 Bg7 31. Nc6 h5 32. h4 Bd4 1/2-1/2

[Event "Australian op"]
[Site "Manly Sydney"]
[Date "2009.01.04"]
[Round "4"]
[White "Wohl, Aleksandar H"]
[Black "Rout, Ian Clive"]
[Result "1-0"]
[WhiteElo "2342"]
[BlackElo "1949"]
[PlyCount "137"]
[EventDate "2009.01.02"]
[EventType "swiss"]
[EventRounds "11"]
[EventCountry "AUS"]
[SourceTitle "CBM 128 Extra"]
[Source "ChessBase"]
[SourceDate "2009.03.05"]
[SourceVersion "2"]
[SourceVersionDate "2009.03.25"]
[SourceQuality "1"]

1. e4 e5 2. Nf3 Nc6 3. Bb5 a6 4. Ba4 Nf6 5. d3 d6 6. c3 Be7 7. Nbd2 0-0 8. 0-0 b5 9. Bb3 Nd7 10. Re1 Nb6 11. Nf1 Na5 12. Bc2 c5 13. Ng3 Nc6 14. h3 Re8 15. a3 Be6 16. d4 exd4 17. cxd4 Nxd4 18. Nxd4 cxd4 19. Ne2 Bf6 20. Nxd4 Rc8 21. Nxe6 Rxe6 22. Bb3 Nc4 23. a4 Qb6 24. axb5 axb5 25. Qd5 h6 26. Ra8 Rxa8 27. Qxa8+ Kh7 28. Bc2 Be5 29. b3 Qa5 30. Qxa5 Nxa5 31. Rd1 Nc6 32. Be3 g5 33. g3 Kg7 34. Bd3 Nd4 35. Bxd4 Bxd4 36. Bxb5 Bc5 37. Bd3 Kf6 38. Kg2 Re7 39. Rd2 Ra7 40. Bc4 Re7 41. Bd5 Ke5 42. Bc6 Kf6 43. Rb2 Bd4 44. Rc2 Bc5 45. Rc4 Rc7 46. Bd5 Bb6 47. Rb4 Ba7 48. Bc4 Ke7 49. Kf3 f6 50. Rb5 Kd7 51. Rf5 Bd4 52. Kg4 Rc5 53. Rf3 Ra5 54. b4 Ra1 55. b5 Rc1 56. Bd5 Rb1 57. Bc6+ Ke7 58. Kh5 Rb2 59. Kxh6 Rxf2 60. Rb3 Rb2 61. Rxb2 Bxb2 62. b6 Be5 63. h4 Bxg3 64. h5 Be5 65. Kg6 g4 66. b7 d5 67. exd5 g3 68. d6+ Bxd6 69. h6 1-0